[Event "Creon op 16th"]
[Site "Creon"]
[Date "2011.08.07"]
[Round "9"]
[White "De Barros, Frederic"]
[Black "Le Corre, Benjamin"]
[Result "1-0"]
[WhiteElo "2099"]
[BlackElo "2341"]
[PlyCount "69"]
[EventDate "2011.08.01"]
[EventType "swiss"]
[EventRounds "9"]
[EventCountry "FRA"]
[SourceTitle "CBM 143 Extra"]
[Source "ChessBase"]
[SourceDate "2011.08.29"]
[SourceVersion "1"]
[SourceVersionDate "2011.08.29"]
[SourceQuality "1"]

1. e4 c5 2. Nf3 Nc6 3. d4 cxd4 4. Nxd4 Nf6 5. Nc3 d6 6. Be2 e5 7. Nf3 h6 8. 0-0 Be6 9. Re1 Be7 10. h3 0-0 11. Bf1 a6 12. Nd5 Bxd5 13. exd5 Nb8 14. c4 Nbd7 15. b3 Nh7 16. a4 a5 17. Ba3 b6 18. b4 axb4 19. Bxb4 Qc7 20. Nd4 Nb8 21. Nf5 Kh8 22. f4 Na6 23. Ba3 Qd7 24. Nxe7 Qxe7 25. fxe5 Nc5 26. Bb2 dxe5 27. Bxe5 f6 28. Bd4 Qd6 29. Bd3 Ng5 30. Bf5 g6 31. h4 gxf5 32. hxg5 Kh7 33. gxf6 Ne4 34. Qf3 Rxf6 35. Rxe4 1-0

[Event "FRA-chT2 South 0607"]
[Site "France"]
[Date "2007.01.20"]
[Round "5.7"]
[White "Benmesbah, Natacha"]
[Black "De Barros, Frederic"]
[Result "1-0"]
[WhiteElo "2179"]
[BlackElo "2063"]
[PlyCount "81"]
[EventDate "2006.10.15"]
[EventType "team"]
[EventRounds "11"]
[EventCountry "FRA"]
[SourceTitle "EXT 2008"]
[Source "ChessBase"]
[SourceDate "2007.11.25"]
[SourceVersion "1"]
[SourceVersionDate "2007.11.25"]
[SourceQuality "1"]
[WhiteTeam "Toulouse"]
[BlackTeam "Tournefeuille"]
[WhiteTeamCountry "FRA"]
[BlackTeamCountry "FRA"]

1. e4 Nf6 2. e5 Nd5 3. c4 Nb6 4. c5 Nd5 5. Bc4 e6 6. Nc3 Nxc3 7. dxc3 b6 8. cxb6 axb6 9. Qg4 Ba6 10. Bxa6 Nxa6 11. Nf3 Nc5 12. 0-0 h5 13. Qc4 d5 14. exd6 Qxd6 15. Bf4 Qd3 16. Qxd3 Nxd3 17. Bxc7 Nxb2 18. Bxb6 Ba3 19. Rab1 0-0 20. Bd4 Rfc8 21. Nd2 f6 22. f4 Nd3 23. Rf3 Nc1 24. Ne4 e5 25. fxe5 fxe5 26. Bxe5 Re8 27. Rb5 Rad8 28. Rf5 Nxa2 29. Ra5 Ra8 30. Rxa8 Rxa8 31. Rg5 Ra7 32. Bd4 Re7 33. Nf6+ Kf7 34. Nxh5 g6 35. Nf4 Bc1 36. g3 Bd2 37. Rxg6 Nxc3 38. Rg7+ Ke8 39. Rxe7+ Kxe7 40. Bxc3 Bxc3 41. Nd5+ 1-0

[Event "FRA-chT2 South 0607"]
[Site "France"]
[Date "2006.12.10"]
[Round "4.6"]
[White "De Barros, Frederic"]
[Black "Bollengier, Thierry"]
[Result "1/2-1/2"]
[WhiteElo "2067"]
[BlackElo "2107"]
[PlyCount "105"]
[EventDate "2006.10.15"]
[EventType "team"]
[EventRounds "11"]
[EventCountry "FRA"]
[SourceTitle "EXT 2008"]
[Source "ChessBase"]
[SourceDate "2007.11.25"]
[SourceVersion "1"]
[SourceVersionDate "2007.11.25"]
[SourceQuality "1"]
[WhiteTeam "Tournefeuille"]
[BlackTeam "Saint Affrique"]
[WhiteTeamCountry "FRA"]
[BlackTeamCountry "FRA"]

1. d4 Nf6 2. c4 e6 3. Nf3 Bb4+ 4. Nbd2 0-0 5. a3 Bxd2+ 6. Nxd2 d5 7. e3 b6 8. Be2 c5 9. dxc5 bxc5 10. cxd5 exd5 11. 0-0 Nc6 12. Qc2 Qe7 13. b4 c4 14. Bb2 Rd8 15. Bf3 Ba6 16. Qa4 Bb7 17. Nxc4 dxc4 18. Bxc6 Bxc6 19. Qxc6 Rac8 20. Bxf6 Qxf6 21. Qxf6 gxf6 22. Rfd1 c3 23. Kf1 c2 24. Rxd8+ Rxd8 25. Ke2 Rd6 26. a4 Rc6 27. Kd2 Rc4 28. a5 Rxb4 29. Kxc2 a6 30. Ra2 Kg7 31. Kd3 f5 32. f3 Rb5 33. Ke2 f6 34. Kf2 Kg6 35. Kg3 Rb3 36. Kf2 Rb5 37. Ra4 Re5 38. g3 Rb5 39. Ra2 Rc5 40. h3 Rb5 41. g4 fxg4 42. hxg4 h5 43. gxh5+ Rxh5 44. Ra4 Rb5 45. Kg3 Kf7 46. e4 Ke6 47. f4 Rc5 48. Kf3 Rb5 49. Ke3 Kd6 50. Kd4 Ke6 51. f5+ Kd6 52. Ke3 Ke5 53. Kd3 1/2-1/2

[Event "FRA-chT2 0304"]
[Site "France"]
[Date "2004.03.13"]
[Round "8"]
[White "De Barros, Frederic"]
[Black "Prevot, Emmanuel"]
[Result "1/2-1/2"]
[WhiteElo "2145"]
[BlackElo "2257"]
[PlyCount "39"]
[EventDate "2003.10.??"]
[EventType "team"]
[EventRounds "11"]
[EventCountry "FRA"]
[SourceTitle "EXT 2005"]
[Source "ChessBase"]
[SourceDate "2004.11.15"]
[SourceVersion "1"]
[SourceVersionDate "2004.11.15"]
[SourceQuality "1"]

1. d4 Nf6 2. c4 e5 3. dxe5 Ne4 4. Qc2 Bb4+ 5. Nd2 d5 6. e3 Nc6 7. Ngf3 Bf5 8. Bd3 0-0 9. 0-0 Nxd2 10. Bxd2 Bxd3 11. Qxd3 dxc4 12. Qxc4 Bxd2 13. Rfd1 Qe7 14. Rxd2 Nxe5 15. Nxe5 Qxe5 16. Rad1 Rae8 17. g3 Re7 18. Qb4 c5 19. Qc4 b6 20. b4 1/2-1/2

[Event "Bethune op 24th"]
[Site "Bethune"]
[Date "2003.12.30"]
[Round "7"]
[White "De Barros, Frederic"]
[Black "Abeln, Michiel"]
[Result "0-1"]
[WhiteElo "2145"]
[BlackElo "2288"]
[PlyCount "74"]
[EventDate "2003.12.26"]
[EventType "swiss"]
[EventRounds "9"]
[EventCountry "FRA"]
[SourceTitle "CBM 098 Extra"]
[Source "ChessBase"]
[SourceDate "2004.03.10"]
[SourceVersion "2"]
[SourceVersionDate "2004.03.10"]
[SourceQuality "1"]

1. e4 c5 2. Nf3 Nc6 3. c4 e5 4. d3 d6 5. Nc3 a6 6. Be2 Nf6 7. Nd5 Nxd5 8. cxd5 Ne7 9. a4 b6 10. Nd2 Ng6 11. g3 Be7 12. Nc4 f5 13. Bh5 0-0 14. Bxg6 hxg6 15. a5 b5 16. Nb6 Rb8 17. Nxc8 Qxc8 18. f3 b4 19. h4 Qe8 20. f4 exf4 21. Bxf4 fxe4 22. 0-0 Qd7 23. dxe4 Bf6 24. Qe2 Qh3 25. Rad1 Rbd8 26. Rf3 Bxb2 27. Qg2 Qg4 28. Rdf1 Bf6 29. Kh1 Rfe8 30. Rb3 Be5 31. Bg5 Rb8 32. Bd2 c4 33. Rxb4 Rxb4 34. Bxb4 Bxg3 35. e5 Rxe5 36. Bxd6 Qxh4+ 37. Kg1 Qd4+ 0-1

[Event "FRA-chT2 0304"]
[Site "France"]
[Date "2003.12.07"]
[Round "4"]
[White "Jegourel, Cyrille"]
[Black "De Barros, Frederic"]
[Result "1-0"]
[WhiteElo "2076"]
[BlackElo "2145"]
[PlyCount "121"]
[EventDate "2003.10.??"]
[EventType "team"]
[EventRounds "11"]
[EventCountry "FRA"]
[SourceTitle "EXT 2005"]
[Source "ChessBase"]
[SourceDate "2004.11.15"]
[SourceVersion "1"]
[SourceVersionDate "2004.11.15"]
[SourceQuality "1"]
[WhiteTeam "Rennes"]
[BlackTeam "Guingamp"]
[WhiteTeamCountry "FRA"]
[BlackTeamCountry "FRA"]

1. e4 Nf6 2. Nc3 d5 3. exd5 Nxd5 4. Bc4 c6 5. Qf3 Nf6 6. Nge2 Bg4 7. Qg3 Qd6 8. Qxd6 exd6 9. d4 Bf5 10. Bb3 d5 11. 0-0 Bb4 12. Ng3 Be6 13. Nce2 0-0 14. c3 Bd6 15. Bf4 Be7 16. Bc2 Nbd7 17. f3 Rfe8 18. Rae1 Nf8 19. Nf5 Bxf5 20. Bxf5 g6 21. Bc2 Nh5 22. Bd2 Bd6 23. Nc1 Ne6 24. g3 Re7 25. Re2 Bxg3 26. hxg3 Nxg3 27. Rff2 Nxe2+ 28. Nxe2 Rae8 29. Ng3 Ng7 30. Bd3 Ne6 31. Rg2 Kh8 32. Nf1 a6 33. Nh2 f5 34. f4 Ng7 35. Nf3 Nh5 36. Ne5 Nf6 37. Be1 Nd7 38. Bh4 Rg7 39. Bg5 Nxe5 40. dxe5 Rf7 41. Bf6+ Rxf6 42. exf6 Re6 43. Bxf5 Rxf6 44. Bc8 Rf7 45. b4 c5 46. f5 cxb4 47. cxb4 Rc7 48. Be6 d4 49. f6 Rc1+ 50. Kf2 d3 51. Bb3 Rc6 52. f7 Kg7 53. Ke3 a5 54. Rf2 Kf8 55. b5 Rd6 56. Bc4 Rd8 57. b6 h5 58. Bxd3 Rd6 59. Bc4 Rxb6 60. Rd2 Rf6 61. Rd8+ 1-0

[Event "Guingamp op 7th"]
[Site "Guingamp"]
[Date "2003.03.06"]
[Round "7"]
[White "Bollore, Jacques"]
[Black "De Barros, Frederic"]
[Result "1-0"]
[WhiteElo "2184"]
[BlackElo "2040"]
[PlyCount "67"]
[EventDate "2003.03.02"]
[EventType "swiss"]
[EventRounds "9"]
[EventCountry "FRA"]
[SourceTitle "EXT 2004"]
[Source "ChessBase"]
[SourceDate "2003.11.25"]
[SourceVersion "1"]
[SourceVersionDate "2003.11.25"]
[SourceQuality "1"]

1. e4 Nf6 2. Nc3 e5 3. Bc4 Bc5 4. d3 h6 5. f4 d6 6. Na4 Bxg1 7. Rxg1 Bg4 8. Qd2 Nc6 9. Nc3 Be6 10. Bb5 Bd7 11. Bxc6 Bxc6 12. Qf2 Qe7 13. g4 exf4 14. Bxf4 Nd5 15. Nxd5 Bxd5 16. Qd4 Be6 17. Qxg7 Kd7 18. 0-0-0 a5 19. a3 b5 20. Qd4 c5 21. Qe3 Rhc8 22. d4 cxd4 23. Rxd4 Rc6 24. Bxh6 Rac8 25. c3 Rc4 26. Bg5 f6 27. Bf4 R8c6 28. g5 b4 29. gxf6 Qxf6 30. e5 Qf7 31. axb4 axb4 32. exd6 bxc3 33. b3 Rxd4 34. Qxd4 1-0

[Event "FRA-chT3 Gr5 0203"]
[Site "France"]
[Date "2002.11.13"]
[Round "1"]
[White "Cleran, Fabrice"]
[Black "De Barros, Frederic"]
[Result "1/2-1/2"]
[WhiteElo "2017"]
[BlackElo "2030"]
[PlyCount "97"]
[EventDate "2002.12.09"]
[EventType "team"]
[EventRounds "9"]
[EventCountry "FRA"]
[SourceTitle "EXT 2004"]
[Source "ChessBase"]
[SourceDate "2003.11.25"]
[SourceVersion "1"]
[SourceVersionDate "2003.11.25"]
[SourceQuality "1"]

1. d4 c5 2. d5 e6 3. c4 exd5 4. cxd5 d6 5. e4 Nf6 6. Nc3 g6 7. h3 Bg7 8. Nf3 0-0 9. Bd3 b5 10. Nxb5 Nxe4 11. Bxe4 Re8 12. 0-0 Rxe4 13. Nc3 Rc4 14. Qb3 Rb4 15. Qd1 Rc4 16. Qb3 Rb4 17. Qd1 Nd7 18. Re1 Ne5 19. a3 Rc4 20. Nd2 Rd4 21. Nb5 Rxd5 22. Qc2 Nd3 23. Re3 Nf4 24. Qe4 Bh6 25. Qe8+ Qxe8 26. Rxe8+ Kg7 27. Nc7 Re5 28. Rxe5 dxe5 29. Nxa8 Ne2+ 30. Kf1 Nxc1 31. Rxc1 Bxd2 32. Rxc5 Ba6+ 33. Kg1 e4 34. Rc7 Bd3 35. Kh2 Bf4+ 36. g3 Bxc7 37. Nxc7 h5 38. b4 Kf8 39. Nd5 Ke8 40. g4 hxg4 41. hxg4 Kd7 42. Kg3 Kd6 43. Nf6 Ke6 44. Nh7 Ke5 45. Ng5 Bc4 46. Nh3 Kd4 47. Kf4 Kc3 48. Kxe4 Kb3 49. Kd4 1/2-1/2

[Event "Plancoet op 2nd"]
[Site "Plancoet"]
[Date "2002.07.29"]
[Round "3.10"]
[White "Lambert, Thierry"]
[Black "De Barros, Frederic"]
[Result "0-1"]
[WhiteElo "1960"]
[BlackElo "2080"]
[PlyCount "66"]
[EventDate "2002.07.23"]
[EventType "swiss"]
[EventRounds "9"]
[EventCountry "FRA"]
[SourceTitle "EXT 2003"]
[Source "ChessBase"]
[SourceDate "2002.11.25"]
[SourceVersion "1"]
[SourceVersionDate "2002.11.25"]
[SourceQuality "1"]

1. d4 e6 2. Nf3 d5 3. Bf4 Nf6 4. e3 b6 5. Nbd2 Bd6 6. Ne5 Bxe5 7. Bxe5 Ba6 8. Bxa6 Nxa6 9. c3 Nb8 10. Nf3 Nbd7 11. 0-0 0-0 12. Qd3 c5 13. Bg3 Ne4 14. Ne5 Nxg3 15. hxg3 Nxe5 16. dxe5 Qg5 17. f4 Qxg3 18. Rf3 Qg6 19. Qe2 f6 20. exf6 Rxf6 21. Kf2 Raf8 22. Rh1 d4 23. cxd4 cxd4 24. g3 d3 25. Qd2 e5 26. Kg2 e4 27. Rff1 Rc6 28. Rc1 Rfc8 29. Rc3 Qg4 30. Rf1 h5 31. Qe1 h4 32. f5 Rxc3 33. bxc3 Rd8 0-1

[Event "Guingamp op 6th"]
[Site "Guingamp"]
[Date "2002.04.17"]
[Round "3"]
[White "De Barros, Frederic"]
[Black "Le Tue, Anthony"]
[Result "1-0"]
[WhiteElo "2100"]
[BlackElo "1750"]
[PlyCount "49"]
[EventDate "2002.04.16"]
[EventType "swiss"]
[EventRounds "7"]
[EventCountry "FRA"]
[SourceTitle "EXT 2003"]
[Source "ChessBase"]
[SourceDate "2002.11.25"]
[SourceVersion "1"]
[SourceVersionDate "2002.11.25"]
[SourceQuality "1"]

1. e4 c5 2. Nf3 e6 3. d4 cxd4 4. Nxd4 a6 5. Nc3 b5 6. Bd3 Bb7 7. 0-0 Qc7 8. Be3 Nf6 9. a3 d5 10. exd5 Nxd5 11. Nxd5 Bxd5 12. a4 b4 13. c4 bxc3 14. Rc1 Qb7 15. bxc3 Bxg2 16. Rb1 Qc7 17. Kxg2 Nd7 18. Be4 Rd8 19. Rb7 Qe5 20. Qf3 Bd6 21. Rg1 Qxh2+ 22. Kf1 Ne5 23. Bc6+ Kf8 24. Nxe6+ Kg8 25. Rxg7# 1-0

[Event "Guingamp op 6th"]
[Site "Guingamp"]
[Date "2002.??.??"]
[Round "5"]
[White "De Barros, Frederic"]
[Black "Janev, Evgeni"]
[Result "0-1"]
[WhiteElo "2100"]
[BlackElo "2521"]
[PlyCount "90"]
[EventDate "2002.04.16"]
[EventType "swiss"]
[EventRounds "7"]
[EventCountry "FRA"]
[SourceTitle "EXT 2003"]
[Source "ChessBase"]
[SourceDate "2002.11.25"]
[SourceVersion "1"]
[SourceVersionDate "2002.11.25"]
[SourceQuality "1"]

1. e4 Nf6 2. e5 Nd5 3. d4 d6 4. Nf3 Nb6 5. c4 g6 6. Be2 Bg7 7. exd6 cxd6 8. h3 0-0 9. 0-0 Nc6 10. Nc3 Bf5 11. Be3 d5 12. c5 Nc4 13. Bc1 b6 14. b3 N4a5 15. cxb6 axb6 16. Be3 Be4 17. Rc1 e6 18. Nxe4 dxe4 19. Ng5 Nxd4 20. Nxe4 Nac6 21. Bb5 Ne7 22. a4 Nxb5 23. Qxd8 Rfxd8 24. axb5 Nd5 25. Rc6 Rdb8 26. Nd6 Ra3 27. Bxb6 Nxb6 28. Rxb6 Rxb6 29. Nc4 Rxb5 30. Nxa3 Rxb3 31. Nc4 Rc3 32. Nd2 Bd4 33. Nf3 Bc5 34. Rd1 Rc2 35. Nd2 f5 36. Kf1 Kg7 37. f3 Be3 38. Ke2 Bxd2 39. Kd3 Ra2 40. Rxd2 Rxd2+ 41. Kxd2 e5 42. g4 Kf6 43. h4 fxg4 44. fxg4 e4 45. Ke3 Ke5 0-1

[Event "Syre Memorial op 24th"]
[Site "Issy les Moulineaux"]
[Date "2001.05.26"]
[Round "3"]
[White "De Barros, Frederic"]
[Black "Calistri, Tristan"]
[Result "1-0"]
[WhiteElo "2130"]
[BlackElo "2277"]
[PlyCount "77"]
[EventDate "2001.05.25"]
[EventType "swiss"]
[EventRounds "6"]
[EventCountry "FRA"]
[SourceTitle "EXT 2003"]
[Source "ChessBase"]
[SourceDate "2002.11.25"]
[SourceVersion "1"]
[SourceVersionDate "2002.11.25"]
[SourceQuality "1"]

1. Nf3 Nf6 2. g3 g6 3. Bg2 Bg7 4. 0-0 0-0 5. c4 d6 6. Nc3 e5 7. d3 Nc6 8. Rb1 a5 9. a3 h6 10. b4 axb4 11. axb4 Nh7 12. Nd5 f5 13. b5 Ne7 14. Nh4 Rf6 15. Nxf6+ Bxf6 16. Nf3 g5 17. Kh1 Ng6 18. Ng1 Kg7 19. d4 Qe7 20. dxe5 dxe5 21. Qc2 h5 22. f3 h4 23. g4 h3 24. Nxh3 fxg4 25. fxg4 Bxg4 26. Nf2 Bc8 27. Be4 Nhf8 28. Rg1 Nf4 29. e3 N4g6 30. Bb2 Nh4 31. Ng4 Nfg6 32. Nxf6 Qxf6 33. Rbf1 Qe7 34. Bd5 Kh6 35. Rf7 Qc5 36. Bxe5 Qxe3 37. Bg7+ Kh5 38. Bd4 Qxd4 39. Rh7# 1-0

[Event "FRA-chT3 01"]
[Site "France"]
[Date "2001.03.11"]
[Round "7"]
[White "De Barros, Frederic"]
[Black "Lauradoux, Cedric"]
[Result "1-0"]
[WhiteElo "2130"]
[BlackElo "1960"]
[PlyCount "81"]
[EventDate "2001.??.??"]
[EventType "team"]
[EventRounds "9"]
[EventCountry "FRA"]
[SourceTitle "EXT 2002"]
[Source "ChessBase"]
[SourceDate "2001.11.25"]
[SourceVersion "1"]
[SourceVersionDate "2001.11.25"]
[SourceQuality "1"]
[WhiteTeam "Guingamp"]
[BlackTeam "Brest"]
[WhiteTeamCountry "FRA"]
[BlackTeamCountry "FRA"]

1. e4 c5 2. Nf3 Nc6 3. d4 cxd4 4. Nxd4 Nf6 5. Nc3 e5 6. Ndb5 d6 7. Bg5 a6 8. Na3 b5 9. Nd5 Be7 10. Bxf6 Bxf6 11. c3 Ne7 12. Bxb5+ axb5 13. Nxb5 0-0 14. Nxf6+ gxf6 15. Qxd6 Qxd6 16. Nxd6 Be6 17. c4 Rfd8 18. c5 Rdb8 19. 0-0 Rxb2 20. f4 Rc2 21. f5 Bd7 22. Rfd1 Bc6 23. Rd3 Rxc5 24. Rg3+ Kf8 25. Rh3 Rd8 26. Rd1 Bxe4 27. Rxh7 Nxf5 28. Rh8+ Kg7 29. Rxd8 Nxd6 30. R8xd6 Bf5 31. R6d2 Be6 32. Ra1 f5 33. Rb2 Ra5 34. a3 Kf6 35. Rb7 f4 36. a4 Bc4 37. Rb4 Bd3 38. Kf2 e4 39. Ra3 Ke5 40. Rxd3 exd3 41. Rb5+ 1-0

[Event "Guingamp op 5th"]
[Site "Guingamp"]
[Date "2001.??.??"]
[Round "4"]
[White "De Barros, Frederic"]
[Black "Bodenez, Vincent"]
[Result "1/2-1/2"]
[WhiteElo "2130"]
[BlackElo "1940"]
[PlyCount "91"]
[EventDate "2001.04.??"]
[EventType "swiss"]
[EventRounds "7"]
[EventCountry "FRA"]
[SourceTitle "EXT 2003"]
[Source "ChessBase"]
[SourceDate "2002.11.25"]
[SourceVersion "1"]
[SourceVersionDate "2002.11.25"]
[SourceQuality "1"]

1. g3 d5 2. Bg2 Nf6 3. c4 c6 4. Nf3 Bf5 5. Qb3 Qb6 6. Qxb6 axb6 7. cxd5 Nxd5 8. d3 Nb4 9. Na3 Rxa3 10. bxa3 Nc2+ 11. Kd2 Nxa1 12. Bb2 f6 13. Bxa1 e5 14. d4 exd4 15. Nxd4 Bg6 16. a4 Nd7 17. Nb3 Nc5 18. Nd4 Kd7 19. Rc1 Kc7 20. Bh3 Nxa4 21. Ne6+ Kd6 22. Rc4 b5 23. Rd4+ Ke7 24. Nxf8 Rxf8 25. Rd7+ Ke8 26. Rxg7 Rf7 27. Rg8+ Ke7 28. Rb8 Kd6 29. Bd4 c5 30. Rd8+ Kc7 31. Rc8+ Kd6 32. Rd8+ Kc7 33. Rc8+ Kd6 34. Be3 f5 35. Bf4+ Ke6 36. Bg2 Rd7+ 37. Kc2 Rd4 38. e3 Rc4+ 39. Kd2 Rb4 40. Kc1 Rc4+ 41. Kd2 Rb4 42. Rd8 Rb2+ 43. Kc1 Rxf2 44. Bd5+ Kf6 45. Rd6+ Ke7 46. Bb3 1/2-1/2